[Event "Hradec Kralove Region-chT 2223"]
[Site "Czech Republic"]
[Date "2023.01.15"]
[Round "6.6"]
[White "Nyvlt, Otto"]
[Black "Daniel, Jiri1111"]
[Result "1/2-1/2"]
[WhiteElo "1857"]
[BlackElo "1940"]
[PlyCount "55"]
[EventDate "2022.10.09"]
[EventType "team-tourn"]
[EventRounds "11"]
[EventCountry "CZE"]
[SourceTitle "EXT 2024"]
[Source "ChessBase"]
[SourceDate "2023.10.10"]
[SourceVersion "1"]
[SourceVersionDate "2023.10.10"]
[SourceQuality "1"]

1. Nf3 Nf6 2. d4 d5 3. c4 e6 4. Nc3 c6 5. e3 Nbd7 6. Be2 Bd6 7. Qc2 0-0 8. Bd2 Re8 9. cxd5 exd5 10. Bd3 Qe7 11. 0-0-0 b5 12. Ng5 Nf8 13. f3 h6 14. h4 b4 15. Na4 Bd7 16. Nh3 Rac8 17. Nc5 a5 18. g4 Bxc5 19. dxc5 Ne6 20. g5 Nh5 21. gxh6 Nxc5 22. Bh7+ Kh8 23. hxg7+ Nxg7 24. Ng5 f5 25. Bg6 Rf8 26. Nf7+ Kg8 27. Nh6+ Kh8 28. Nf7+ 1/2-1/2

[Event "CZE-chT2D 1920"]
[Site "Czech Republic"]
[Date "2019.12.01"]
[Round "4.7"]
[White "Nyvlt, Otto"]
[Black "Tuma, Jan"]
[Result "1/2-1/2"]
[WhiteElo "1869"]
[BlackElo "2025"]
[PlyCount "103"]
[EventDate "2019.10.13"]
[EventType "team-tourn"]
[EventRounds "11"]
[EventCountry "CZE"]
[SourceTitle "EXT 2024"]
[Source "ChessBase"]
[SourceDate "2023.10.10"]
[SourceVersion "1"]
[SourceVersionDate "2023.10.10"]
[SourceQuality "1"]
[WhiteTeam "Nachod Snezka"]
[BlackTeam "Chotebor"]
[WhiteTeamCountry "CZE"]
[BlackTeamCountry "CZE"]

1. d4 Nf6 2. c4 g6 3. Nc3 Bg7 4. g3 0-0 5. Bg2 d6 6. Nf3 c6 7. 0-0 Qa5 8. e4 e5 9. d5 cxd5 10. cxd5 b5 11. Re1 Bd7 12. Nb1 b4 13. h3 Na6 14. Nfd2 Nc5 15. Nc4 Qa6 16. b3 Ne8 17. Bf1 Qc8 18. Bd2 Rb8 19. Kh2 f5 20. Bg2 fxe4 21. Be3 h5 22. Nbd2 Bf5 23. Rf1 Qd7 24. Bxc5 dxc5 25. Nxe4 Rc8 26. Qe2 Nc7 27. Nxc5 Qb5 28. Qe3 Rcd8 29. Rad1 Rfe8 30. d6 Na6 31. Nxa6 Qxa6 32. Rd2 Kh7 33. Rdd1 Bh6 34. Qc5 e4 35. Qc7+ Rd7 36. Qc5 Rc8 37. Qd5 Re8 38. Rfe1 Qxa2 39. Ne3 Bxe3 40. fxe3 Red8 41. Rd2 Be6 42. Rxa2 Bxd5 43. Ra4 Bxb3 44. Rxb4 Bd5 45. Rd1 Rxd6 46. Rbd4 R6d7 47. Bxe4 Be6 48. Ra1 Rxd4 49. exd4 Rxd4 50. Rxa7+ Kh6 51. Bg2 Rd2 52. Kg1 1/2-1/2

[Event "CZE-chT2D 1920"]
[Site "Czech Republic"]
[Date "2019.11.03"]
[Round "2.7"]
[White "Nyvlt, Otto"]
[Black "Jedlicka, Lubos"]
[Result "0-1"]
[WhiteElo "1869"]
[BlackElo "2133"]
[PlyCount "80"]
[EventDate "2019.10.13"]
[EventType "team-tourn"]
[EventRounds "11"]
[EventCountry "CZE"]
[SourceTitle "EXT 2024"]
[Source "ChessBase"]
[SourceDate "2023.10.10"]
[SourceVersion "1"]
[SourceVersionDate "2023.10.10"]
[SourceQuality "1"]
[WhiteTeam "Nachod Snezka"]
[BlackTeam "Lipa"]
[WhiteTeamCountry "CZE"]
[BlackTeamCountry "CZE"]

1. Nf3 g6 2. g3 Bg7 3. Bg2 c5 4. c4 Nc6 5. Nc3 e5 6. d3 Nge7 7. Ne4 0-0 8. Bd2 d6 9. Qc1 Nd4 10. Nxd4 cxd4 11. Bb4 Nf5 12. 0-0 Qb6 13. Ba3 Rd8 14. c5 dxc5 15. Qxc5 Qe6 16. Qc2 Rb8 17. Qc7 Bd7 18. Nc5 Qe8 19. Nxb7 Rdc8 20. Qa5 Rc2 21. Rac1 Rbc8 22. Rxc2 Rxc2 23. Qxa7 h5 24. Na5 Be6 25. b3 Rxa2 26. Bb4 Bxb3 27. Bc6 Rxa5 28. Qxa5 Qxc6 29. Bd2 Qd5 30. Qb4 h4 31. Rb1 h3 32. f3 Bc2 33. Rb2 Bxd3 34. exd3 Qxf3 35. Be1 Qxd3 36. Qb8+ Kh7 37. Qb7 Qd1 38. Qe4 Ne3 39. Kf2 Qg4 40. Qf3 Nd1+ 0-1

[Event "Rubinstein Memorial-A 53rd"]
[Site "Polanica Zdroj"]
[Date "2017.08.23"]
[Round "5"]
[White "Garbowski, Jakub"]
[Black "Nyvlt, Otto"]
[Result "1-0"]
[WhiteElo "2185"]
[BlackElo "1964"]
[PlyCount "37"]
[EventDate "2017.08.19"]
[EventType "swiss"]
[EventRounds "9"]
[EventCountry "POL"]
[SourceTitle "CBM 180 Extra"]
[Source "ChessBase"]
[SourceDate "2017.10.06"]
[SourceVersion "1"]
[SourceVersionDate "2017.10.06"]
[SourceQuality "1"]

1. e4 c5 2. Nf3 d6 3. d4 cxd4 4. Nxd4 Nf6 5. Nc3 a6 6. Bg5 Nbd7 7. Bc4 Qb6 8. Bb3 e6 9. Qd2 Be7 10. 0-0-0 Nc5 11. Rhe1 Qc7 12. f4 h6 13. e5 dxe5 14. fxe5 Nfe4 15. Nxe4 Nxe4 16. Ba4+ Bd7 17. Nxe6 fxe6 18. Qxd7+ Qxd7 19. Bxd7+ 1-0

[Event "Rubinstein Memorial-A 53rd"]
[Site "Polanica Zdroj"]
[Date "2017.08.21"]
[Round "3"]
[White "Nyvlt, Otto"]
[Black "Zaleski, Lukasz"]
[Result "1-0"]
[WhiteElo "1964"]
[BlackElo "2267"]
[PlyCount "125"]
[EventDate "2017.08.19"]
[EventType "swiss"]
[EventRounds "9"]
[EventCountry "POL"]
[SourceTitle "CBM 180 Extra"]
[Source "ChessBase"]
[SourceDate "2017.10.06"]
[SourceVersion "1"]
[SourceVersionDate "2017.10.06"]
[SourceQuality "1"]

1. d4 Nf6 2. c4 e6 3. Nc3 Bb4 4. a3 Bxc3+ 5. bxc3 0-0 6. Nf3 b6 7. Bg5 Bb7 8. e3 d6 9. Be2 Nbd7 10. 0-0 Qe8 11. Nd2 e5 12. d5 h6 13. Bh4 c6 14. e4 cxd5 15. cxd5 Qc8 16. Qc2 Ba6 17. Bxa6 Qxa6 18. Bxf6 Nxf6 19. h3 Rac8 20. Rfe1 Rc7 21. Re3 Rfc8 22. Qb3 Qa5 23. Rc1 Nd7 24. Qb4 Qc5 25. Qb2 Nb8 26. c4 Qa5 27. Qb4 Rc5 28. Qb2 Qa4 29. Rb3 Na6 30. Rbc3 R5c7 31. R1c2 Nc5 32. Qc1 Qa6 33. Kh2 Nb7 34. Nf1 Qa4 35. Ne3 Nc5 36. f3 Nb3 37. Qf1 Nd4 38. Rd2 Qa5 39. Rcd3 Nb3 40. Rd1 Nc5 41. R3d2 Qxa3 42. Nf5 Rd8 43. Re2 Qa4 44. Re3 Kh7 45. Ra1 Qd7 46. f4 g6 47. Ng3 f6 48. fxe5 fxe5 49. Rf3 Kg7 50. Ra2 Qe8 51. Raf2 Qd7 52. Rf6 Re8 53. Qe2 Re7 54. h4 Qe8 55. h5 Rf7 56. Rxg6+ Kh7 57. Nf5 Kh8 58. Qe3 Rh7 59. Nxd6 Qe7 60. Qg3 Rg7 61. Nf7+ Qxf7 62. Rxf7 Rcxf7 63. Qxe5 1-0

[Event "CZE-chT2D 1516"]
[Site "Czech Republic"]
[Date "2015.10.18"]
[Round "1.4"]
[White "Nyvlt, Otto"]
[Black "Kosek, Marek"]
[Result "0-1"]
[WhiteElo "1964"]
[BlackElo "2130"]
[PlyCount "56"]
[EventDate "2015.10.18"]
[EventType "team-tourn"]
[EventRounds "11"]
[EventCountry "CZE"]
[SourceTitle "EXT 2022"]
[Source "ChessBase"]
[SourceDate "2021.10.06"]
[SourceVersion "1"]
[SourceVersionDate "2021.10.06"]
[SourceQuality "1"]
[WhiteTeam "Rychnov nad Kneznou"]
[BlackTeam "Vysoke Myto"]
[WhiteTeamCountry "CZE"]
[BlackTeamCountry "CZE"]

1. Nf3 c5 2. c4 Nc6 3. Nc3 g6 4. e3 Nf6 5. d4 cxd4 6. exd4 d5 7. cxd5 Nxd5 8. Bc4 Nxc3 9. bxc3 Bg7 10. 0-0 0-0 11. Re1 e6 12. Bf4 Na5 13. Bd3 b6 14. h4 Bb7 15. h5 Rc8 16. Rc1 Nc4 17. Bb1 Bd5 18. Bg3 Bh6 19. Nh2 Qg5 20. hxg6 hxg6 21. Qd3 Qd2 22. Rcd1 Qxd3 23. Rxd3 Nb2 24. Ng4 Bg5 25. Rdd1 Nxd1 26. Rxd1 Rxc3 27. Bd6 Rfc8 28. f4 Bh4 0-1

[Event "Nachod op 11th"]
[Site "Nachod"]
[Date "2013.07.07"]
[Round "9"]
[White "Nyvlt, Otto"]
[Black "Ptacek, Tomas"]
[Result "1-0"]
[WhiteElo "1995"]
[BlackElo "2093"]
[PlyCount "89"]
[EventDate "2013.06.29"]
[EventType "swiss"]
[EventRounds "9"]
[EventCountry "CZE"]
[SourceTitle "CBM 155 Extra"]
[Source "ChessBase"]
[SourceDate "2013.08.26"]
[SourceVersion "1"]
[SourceVersionDate "2013.08.26"]
[SourceQuality "1"]

1. d4 d5 2. Nf3 e6 3. c4 Nf6 4. Nc3 Be7 5. e3 0-0 6. Bd3 b6 7. 0-0 Bb7 8. cxd5 exd5 9. Re1 Nbd7 10. b3 Ne4 11. Ne2 Bd6 12. Bb2 Re8 13. Rc1 Re6 14. Ng3 Qf6 15. Bxe4 dxe4 16. d5 Qxb2 17. dxe6 exf3 18. exd7 Qe5 19. Rc4 fxg2 20. Qd4 Qa5 21. Rec1 Rd8 22. Ra4 Qb5 23. Rxa7 Bf3 24. e4 Qxd7 25. Rc3 Qg4 26. Qe3 Bd1 27. Rd3 Re8 28. Kxg2 Bxg3 29. hxg3 Bc2 30. f3 Qh5 31. Rd2 Bb1 32. Rb2 Bxe4 33. Qxe4 Rf8 34. Rxc7 Qa5 35. Rbc2 Qa6 36. Qb7 Qxb7 37. Rxb7 h5 38. Rcc7 b5 39. Rxb5 g6 40. Rbb7 h4 41. gxh4 g5 42. Rxf7 Ra8 43. a4 Kh8 44. hxg5 Rg8 45. Rh7# 1-0

[Event "CZE-chT2D 1213"]
[Site "Czech Republic"]
[Date "2013.02.17"]
[Round "9.5"]
[White "Nyvlt, Otto"]
[Black "Dolezel, Jaromir"]
[Result "0-1"]
[WhiteElo "1980"]
[BlackElo "2061"]
[PlyCount "78"]
[EventDate "2012.10.14"]
[EventType "team-tourn"]
[EventRounds "11"]
[EventCountry "CZE"]
[SourceTitle "EXT 2016"]
[Source "ChessBase"]
[SourceDate "2015.10.08"]
[SourceVersion "1"]
[SourceVersionDate "2015.10.08"]
[SourceQuality "1"]
[WhiteTeam "Nachod"]
[BlackTeam "Sumperk"]
[WhiteTeamCountry "CZE"]
[BlackTeamCountry "CZE"]

1. d4 Nf6 2. c4 g6 3. Nc3 Bg7 4. Nf3 d6 5. e4 0-0 6. Be2 e5 7. 0-0 Nc6 8. d5 Ne7 9. b4 Nh5 10. Ne1 Nf4 11. Bxf4 exf4 12. Rc1 g5 13. Nd3 Ng6 14. c5 a6 15. a4 f5 16. f3 Bd4+ 17. Kh1 Qf6 18. Qb3 Re8 19. Nf2 g4 20. fxg4 Qh4 21. gxf5 Bxf2 22. Rxf2 Qxf2 23. fxg6 hxg6 24. Rf1 Qe3 25. Rf3 Qd2 26. Rf1 Bd7 27. Rd1 Bxa4 28. Rxd2 Bxb3 29. Rb2 a5 30. Rxb3 axb4 31. Rxb4 Ra1+ 32. Bd1 dxc5 33. Rxb7 Rxe4 34. Kg1 Rc4 35. Rb3 Rc1 36. Kf2 R4xc3 37. Rb8+ Kg7 38. Ba4 Ra1 39. Bc6 Ra2+ 0-1

[Event "CZE-chT2D 1213"]
[Site "Czech Republic"]
[Date "2012.10.14"]
[Round "1.4"]
[White "Nyvlt, Otto"]
[Black "Trhal, Tomas"]
[Result "0-1"]
[WhiteElo "1980"]
[BlackElo "2119"]
[PlyCount "98"]
[EventDate "2012.10.14"]
[EventType "team-tourn"]
[EventRounds "11"]
[EventCountry "CZE"]
[SourceTitle "EXT 2016"]
[Source "ChessBase"]
[SourceDate "2015.10.08"]
[SourceVersion "1"]
[SourceVersionDate "2015.10.08"]
[SourceQuality "1"]
[WhiteTeam "Nachod"]
[BlackTeam "Vysoke Myto"]
[WhiteTeamCountry "CZE"]
[BlackTeamCountry "CZE"]

1. d4 Nf6 2. c4 e6 3. Nc3 Bb4 4. e3 0-0 5. Bd3 c5 6. Nf3 Nc6 7. 0-0 d6 8. Qc2 e5 9. dxe5 dxe5 10. Rd1 Bd7 11. Nd5 Kh8 12. Bf5 Bxf5 13. Qxf5 Qc8 14. Qxc8 Raxc8 15. a3 Ba5 16. b3 Ne4 17. Bb2 f6 18. Rd3 Nd6 19. Rdd1 Rfd8 20. Kf1 Rd7 21. Ng1 Rcd8 22. f3 Kg8 23. Nh3 Kf7 24. Nf2 Ne7 25. Nxe7 Kxe7 26. Ke2 Nxc4 27. Rxd7+ Rxd7 28. bxc4 Rd2+ 29. Kf1 Rxb2 30. Nd3 Rc2 31. Nxc5 Rxc4 32. Nxb7 Bb6 33. Rd1 g6 34. Nd6 Rc3 35. a4 Bxe3 36. Ke2 Bh6 37. Nb5 Rc2+ 38. Kf1 a6 39. Na3 Rc3 40. Nb1 Rc4 41. Ke2 Rxa4 42. Nc3 Rc4 43. Nd5+ Ke6 44. h3 a5 45. g3 a4 46. Nb6 Rb4 47. Nc8 Rd4 48. Rb1 Rd2+ 49. Kf1 a3 0-1

[Event "Tabor op"]
[Site "Tabor"]
[Date "2011.08.03"]
[Round "5"]
[White "Simecek, Bohumil"]
[Black "Nyvlt, Otto"]
[Result "1-0"]
[WhiteElo "2125"]
[BlackElo "1984"]
[PlyCount "45"]
[EventDate "2011.07.31"]
[EventType "swiss"]
[EventRounds "9"]
[EventCountry "CZE"]
[SourceTitle "CBM 143 Extra"]
[Source "ChessBase"]
[SourceDate "2011.08.29"]
[SourceVersion "1"]
[SourceVersionDate "2011.08.29"]
[SourceQuality "1"]

1. d4 Nf6 2. c4 e6 3. Nc3 Bb4 4. Qc2 b6 5. e4 Bb7 6. Bd3 c5 7. d5 exd5 8. exd5 d6 9. Nge2 Nbd7 10. Bf4 Qc7 11. 0-0 a6 12. Ng3 0-0-0 13. Nf5 Ne8 14. Ne4 Ndf6 15. Nxg7 Nxg7 16. Nxf6 h5 17. h4 Kb8 18. Rab1 b5 19. cxb5 axb5 20. Bxb5 Qe7 21. Bg5 Kc7 22. a3 Ba5 23. Ne8+ 1-0

[Event "Nachod op 9th"]
[Site "Nachod"]
[Date "2011.07.09"]
[Round "8"]
[White "Nyvlt, Otto"]
[Black "Zidek, Vaclav"]
[Result "0-1"]
[WhiteElo "1984"]
[BlackElo "2166"]
[PlyCount "36"]
[EventDate "2011.07.02"]
[EventType "swiss"]
[EventRounds "9"]
[EventCountry "CZE"]
[SourceTitle "EXT 2012"]
[Source "ChessBase"]
[SourceDate "2011.11.24"]
[SourceVersion "1"]
[SourceVersionDate "2011.11.24"]
[SourceQuality "1"]

1. c4 Nf6 2. Nc3 e5 3. g3 d5 4. cxd5 Nxd5 5. Bg2 Be6 6. Nf3 Nc6 7. 0-0 Be7 8. d3 0-0 9. Nxd5 Bxd5 10. b3 f5 11. Bb2 Bf6 12. Qc1 Qd7 13. Rd1 a5 14. e4 Be6 15. exf5 Bd5 16. d4 exd4 17. Nxd4 Bxg2 18. Nxc6 Qxc6 0-1

[Event "Nachod op"]
[Site "Nachod"]
[Date "2009.07.10"]
[Round "7"]
[White "Nyvlt, Otto"]
[Black "Krutina, Ivan"]
[Result "0-1"]
[WhiteElo "1960"]
[BlackElo "2108"]
[PlyCount "38"]
[EventDate "2009.07.04"]
[EventType "swiss"]
[EventRounds "9"]
[EventCountry "CZE"]
[SourceTitle "CBM 131 Extra"]
[Source "ChessBase"]
[SourceDate "2009.09.03"]
[SourceVersion "2"]
[SourceVersionDate "2009.09.16"]
[SourceQuality "1"]

1. d4 d5 2. c4 e6 3. Nf3 Nf6 4. Nc3 b6 5. Bg5 Be7 6. e3 Bb7 7. Bxf6 Bxf6 8. cxd5 exd5 9. Bd3 Nd7 10. 0-0 0-0 11. b4 c5 12. bxc5 bxc5 13. Rb1 Bc6 14. Qc2 g6 15. dxc5 Nxc5 16. Be2 Ne6 17. Rfd1 Qd7 18. Nxd5 Bxd5 19. e4 Qc6 0-1

[Event "Pardubice Czech op2"]
[Site "Pardubice"]
[Date "2007.07.13"]
[Round "2"]
[White "Macharacek, Simon"]
[Black "Nyvlt, Otto"]
[Result "1-0"]
[WhiteElo "2203"]
[BlackElo "1987"]
[PlyCount "41"]
[EventDate "2007.07.12"]
[EventType "swiss"]
[EventRounds "7"]
[EventCountry "CZE"]
[SourceTitle "EXT 2008"]
[Source "ChessBase"]
[SourceDate "2007.11.25"]
[SourceVersion "1"]
[SourceVersionDate "2007.11.25"]
[SourceQuality "1"]

1. e4 Nf6 2. e5 Nd5 3. d4 d6 4. Nf3 Bg4 5. Be2 e6 6. 0-0 Be7 7. h3 Bh5 8. c4 Nb6 9. exd6 cxd6 10. Nc3 0-0 11. b3 N8d7 12. a4 Nf6 13. Bf4 Nbd7 14. Re1 Rc8 15. Nb5 Qb6 16. a5 Qa6 17. g4 e5 18. c5 Bxg4 19. hxg4 exf4 20. Nxd6 Qc6 21. Bb5 1-0

[Event "Nachod op"]
[Site "Nachod"]
[Date "2006.07.09"]
[Round "9"]
[White "Cap, Jaroslav"]
[Black "Nyvlt, Otto"]
[Result "1/2-1/2"]
[WhiteElo "1793"]
[BlackElo "2015"]
[PlyCount "49"]
[EventDate "2006.07.01"]
[EventType "swiss"]
[EventRounds "9"]
[EventCountry "CZE"]
[SourceTitle "CBM 113 Extra"]
[Source "ChessBase"]
[SourceDate "2006.09.14"]
[SourceVersion "1"]
[SourceVersionDate "2006.09.14"]
[SourceQuality "1"]

1. e4 Nf6 2. e5 Nd5 3. d4 d6 4. Nf3 Bg4 5. Be2 e6 6. c4 Nb6 7. exd6 cxd6 8. 0-0 Be7 9. Be3 0-0 10. Nbd2 Nc6 11. Rc1 Rc8 12. a3 f5 13. Bf4 Nd7 14. d5 exd5 15. cxd5 Nce5 16. Rxc8 Qxc8 17. Nd4 Bxe2 18. Qxe2 Ng6 19. Qe6+ Kh8 20. Qe3 Nb6 21. Qg3 Nxd5 22. Bxd6 f4 23. Qb3 Bxd6 24. Qxd5 Bb8 25. N2f3 1/2-1/2

[Event "Nachod op"]
[Site "Nachod"]
[Date "2006.07.08"]
[Round "8"]
[White "Nyvlt, Otto"]
[Black "Srejber, Michal"]
[Result "0-1"]
[WhiteElo "2015"]
[BlackElo "1828"]
[PlyCount "78"]
[EventDate "2006.07.01"]
[EventType "swiss"]
[EventRounds "9"]
[EventCountry "CZE"]
[SourceTitle "CBM 113 Extra"]
[Source "ChessBase"]
[SourceDate "2006.09.14"]
[SourceVersion "1"]
[SourceVersionDate "2006.09.14"]
[SourceQuality "1"]

1. d4 d5 2. c4 c6 3. Nf3 Nf6 4. g3 Bf5 5. Bg2 dxc4 6. a4 e6 7. 0-0 Bb4 8. Ne5 Be4 9. f3 Bxb1 10. Rxb1 0-0 11. Nxc4 c5 12. dxc5 Bxc5+ 13. Kh1 Nc6 14. Qb3 b6 15. Bg5 h6 16. Bxf6 Qxf6 17. e3 Rad8 18. f4 Nb4 19. Rbd1 a5 20. Ne5 Qe7 21. Be4 Rxd1 22. Rxd1 Rd8 23. Rf1 Qd6 24. Nc4 Qd7 25. f5 exf5 26. Ne5 Qe6 27. Qxe6 fxe6 28. Bf3 Bxe3 29. Bh5 Bd4 30. Nc4 Rc8 31. b3 Nd3 32. Kg2 Ne5 33. Rd1 Nxc4 34. Rxd4 Ne3+ 35. Kf2 Nd5 36. Bf3 Rc2+ 37. Kg1 Rc3 38. Bg2 Rxb3 39. Rxd5 Rb1+ 0-1

[Event "CZE-chT2c 0506"]
[Site "Czech Republic"]
[Date "2006.02.12"]
[Round "7.8"]
[White "Melich, Jindrich"]
[Black "Nyvlt, Otto"]
[Result "1-0"]
[WhiteElo "2071"]
[BlackElo "2006"]
[PlyCount "53"]
[EventDate "2005.10.16"]
[EventType "team"]
[EventRounds "11"]
[EventCountry "CZE"]
[SourceTitle "EXT 2009"]
[Source "ChessBase"]
[SourceDate "2008.11.26"]
[SourceVersion "1"]
[SourceVersionDate "2008.11.26"]
[SourceQuality "1"]
[WhiteTeam "Praha Praga II"]
[BlackTeam "Nachod"]
[WhiteTeamCountry "CZE"]
[BlackTeamCountry "CZE"]

1. b4 e5 2. Bb2 Bxb4 3. Bxe5 Nf6 4. c4 0-0 5. Nf3 Nc6 6. Bb2 d5 7. e3 Bf5 8. cxd5 Nxd5 9. Be2 Re8 10. 0-0 Qe7 11. a3 Bd6 12. Qb3 Nf4 13. Bc4 Ng6 14. Bd5 Nce5 15. Nxe5 Bxe5 16. Bxe5 Qxe5 17. Bxf7+ Kh8 18. Bxe8 Rxe8 19. d4 Qd6 20. Nc3 Nh4 21. Kh1 Bh3 22. Rg1 Qf6 23. Qc2 Bf5 24. e4 Bd7 25. Rad1 Qg6 26. f3 Qh6 27. Qd2 1-0

[Event "Nachod op 0304"]
[Site "Nachod"]
[Date "2004.??.??"]
[Round "?"]
[White "Horak, Jiri"]
[Black "Nyvlt, Otto"]
[Result "1-0"]
[WhiteElo "2140"]
[BlackElo "1895"]
[PlyCount "67"]
[EventDate "2003.12.??"]
[EventType "swiss"]
[EventRounds "9"]
[EventCountry "CZE"]
[SourceTitle "EXT 2007"]
[Source "ChessBase"]
[SourceDate "2006.11.23"]
[SourceVersion "1"]
[SourceVersionDate "2006.11.23"]
[SourceQuality "1"]

1. d4 Nf6 2. c4 e6 3. Nf3 b6 4. g3 Bb7 5. Bg2 Be7 6. 0-0 0-0 7. a3 c5 8. e3 Qc7 9. dxc5 Qxc5 10. Nbd2 a5 11. b3 d6 12. Bb2 Nbd7 13. Qe2 Qh5 14. Rfe1 Qh6 15. Nd4 Bxg2 16. Kxg2 Rac8 17. b4 axb4 18. axb4 d5 19. b5 Bb4 20. Nc6 Bc5 21. Ra7 Nb8 22. Ne5 Bb4 23. Rd1 Bd6 24. Ndf3 Qh5 25. cxd5 Bxe5 26. Bxe5 Nxd5 27. Rd2 f6 28. Bxb8 Rxb8 29. e4 Nc3 30. Qc4 Nxb5 31. Qxe6+ Kh8 32. Re7 Rfd8 33. Rxd8+ Rxd8 34. g4 1-0

[Event "Nachod op 0405"]
[Site "Nachod"]
[Date "2004.??.??"]
[Round "3"]
[White "Nyvlt, Otto"]
[Black "Hampel, Rudolf"]
[Result "1-0"]
[WhiteElo "1885"]
[BlackElo "1855"]
[PlyCount "67"]
[EventDate "2004.12.??"]
[EventType "swiss"]
[EventRounds "9"]
[EventCountry "CZE"]
[SourceTitle "EXT 2007"]
[Source "ChessBase"]
[SourceDate "2006.11.23"]
[SourceVersion "1"]
[SourceVersionDate "2006.11.23"]
[SourceQuality "1"]

1. d4 Nf6 2. c4 g6 3. g3 Bg7 4. Bg2 0-0 5. Nc3 d6 6. Nf3 Nc6 7. d5 Nb4 8. 0-0 Bf5 9. Nd4 Bd7 10. a3 Na6 11. b4 Rc8 12. Bb2 Nb8 13. Ndb5 c6 14. Nxa7 Rc7 15. Rc1 b6 16. dxc6 Nxc6 17. Nxc6 Bxc6 18. Bxc6 Rxc6 19. Nd5 Nxd5 20. Bxg7 Ne3 21. Qd4 Nf5 22. Qd5 Qd7 23. Bxf8 Kxf8 24. Rfd1 e6 25. Qd2 Ke7 26. e4 Ng7 27. c5 bxc5 28. bxc5 e5 29. cxd6+ Rxd6 30. Qxd6+ Qxd6 31. Rxd6 Kxd6 32. Rc8 Ne6 33. a4 Nc5 34. a5 1-0

[Event "Nachod op 0304"]
[Site "Nachod"]
[Date "2004.??.??"]
[Round "?"]
[White "Nyvlt, Otto"]
[Black "Jurik, Zdenek"]
[Result "1-0"]
[WhiteElo "1895"]
[BlackElo "2000"]
[PlyCount "119"]
[EventDate "2003.12.??"]
[EventType "swiss"]
[EventRounds "9"]
[EventCountry "CZE"]
[SourceTitle "EXT 2007"]
[Source "ChessBase"]
[SourceDate "2006.11.23"]
[SourceVersion "1"]
[SourceVersionDate "2006.11.23"]
[SourceQuality "1"]

1. d4 Nf6 2. c4 d6 3. g3 Nbd7 4. Bg2 e5 5. e3 Be7 6. Nc3 0-0 7. Nge2 Re8 8. 0-0 c6 9. b3 Qc7 10. Bb2 Nf8 11. Qc2 Bd7 12. Ne4 Ng4 13. h3 Nh6 14. dxe5 dxe5 15. f4 Ng6 16. Qc3 f6 17. g4 Nf7 18. c5 Bf8 19. Rad1 Rad8 20. b4 Bc8 21. f5 Ne7 22. Qb3 Nd5 23. N4g3 Ne7 24. Nh5 Rxd1 25. Rxd1 Rd8 26. Nc3 Rxd1+ 27. Qxd1 Kh8 28. Qb3 Ng8 29. Bf1 Nd8 30. Bc4 Nh6 31. Ne4 Nhf7 32. Bc3 Qe7 33. a4 a6 34. Be1 h6 35. a5 Bd7 36. h4 Be8 37. Qd1 Kh7 38. Qf3 Nh8 39. g5 fxg5 40. hxg5 Bf7 41. Bxf7 Qxf7 42. g6+ Nxg6 43. fxg6+ Qxg6+ 44. Nhg3 Nf7 45. Bc3 Be7 46. Qf5 Bf6 47. Kg2 Qxf5 48. Nxf5 Kg6 49. Nfd6 Nd8 50. Nc4 Kf5 51. Kf3 h5 52. Ng3+ Kg5 53. Bxe5 Bxe5 54. Nxe5 h4 55. Ne4+ Kf5 56. Nc4 Ke6 57. Kg4 Kd5 58. Ned6 g5 59. Kf5 h3 60. Nb6# 1-0

[Event "Nachod op 0405"]
[Site "Nachod"]
[Date "2004.??.??"]
[Round "1"]
[White "Nyvlt, Otto"]
[Black "Mojzis, Jan"]
[Result "0-1"]
[WhiteElo "1885"]
[BlackElo "2215"]
[PlyCount "70"]
[EventDate "2004.12.??"]
[EventType "swiss"]
[EventRounds "9"]
[EventCountry "CZE"]
[SourceTitle "EXT 2007"]
[Source "ChessBase"]
[SourceDate "2006.11.23"]
[SourceVersion "1"]
[SourceVersionDate "2006.11.23"]
[SourceQuality "1"]

1. d4 d5 2. c4 e6 3. Nc3 c5 4. Nf3 Nc6 5. e3 Nf6 6. Be2 a6 7. a4 Be7 8. 0-0 0-0 9. h3 Ne4 10. Ne5 Nxe5 11. Nxe4 dxe4 12. dxe5 Qc7 13. f4 exf3 14. gxf3 Qxe5 15. f4 Qc7 16. e4 f5 17. Qc2 e5 18. Ra3 Kh8 19. Raf3 fxe4 20. Qxe4 Bf5 21. Qxe5 Bd6 22. Qc3 Be4 23. Rg3 Rf7 24. Bh5 Rf5 25. Bg4 Rf6 26. Bh5 Raf8 27. Qe3 Rxf4 28. Rxf4 Bxf4 29. Qf2 Bd6 30. Qe2 Bxg3 31. Qxe4 Bf2+ 32. Kh1 Bd4 33. Bg5 Qg3 34. Qg2 Qe1+ 35. Kh2 Be5+ 0-1

[Event "Nachod op 9th"]
[Site "Nachod"]
[Date "2003.??.??"]
[Round "2"]
[White "Nyvlt, Otto"]
[Black "Vagner, Patrik"]
[Result "1-0"]
[WhiteElo "1935"]
[BlackElo "1615"]
[PlyCount "43"]
[EventDate "2003.??.??"]
[EventType "swiss"]
[EventRounds "9"]
[EventCountry "CZE"]
[SourceTitle "EXT 2007"]
[Source "ChessBase"]
[SourceDate "2006.11.23"]
[SourceVersion "1"]
[SourceVersionDate "2006.11.23"]
[SourceQuality "1"]

1. d4 d5 2. c4 e6 3. Nc3 Nf6 4. Bg5 Nbd7 5. e3 Be7 6. Rc1 0-0 7. Nf3 b6 8. cxd5 exd5 9. Bd3 Bb7 10. 0-0 Rc8 11. Bf5 c5 12. Ne5 Ra8 13. Bf4 Nxe5 14. dxe5 Ne4 15. Nxe4 dxe4 16. Qg4 Kh8 17. Rfd1 Qe8 18. Qh3 g6 19. Bd7 Bc8 20. e6 Bxd7 21. Rxd7 f5 22. Be5+ 1-0

[Event "Nachod op 9th"]
[Site "Nachod"]
[Date "2003.??.??"]
[Round "5"]
[White "Volf, Milan"]
[Black "Nyvlt, Otto"]
[Result "1-0"]
[WhiteElo "1830"]
[BlackElo "1935"]
[PlyCount "93"]
[EventDate "2003.??.??"]
[EventType "swiss"]
[EventRounds "9"]
[EventCountry "CZE"]
[SourceTitle "EXT 2007"]
[Source "ChessBase"]
[SourceDate "2006.11.23"]
[SourceVersion "1"]
[SourceVersionDate "2006.11.23"]
[SourceQuality "1"]

1. d4 Nf6 2. c4 e6 3. Nf3 d5 4. Nc3 c5 5. dxc5 Bxc5 6. cxd5 exd5 7. Nd4 Ne4 8. e3 0-0 9. Be2 Bb4 10. Bd2 Nxd2 11. Qxd2 Nc6 12. Bf3 Ne5 13. 0-0 Nxf3+ 14. Nxf3 Be6 15. a3 Bd6 16. Rfd1 Qb8 17. Nxd5 Rd8 18. Nf4 Bb3 19. Rdc1 Bxf4 20. Qb4 Bxh2+ 21. Nxh2 Bd5 22. f3 Bc6 23. Rd1 h5 24. Rd4 Qe5 25. Rxd8+ Rxd8 26. Re1 Qg3 27. Nf1 Qg6 28. e4 h4 29. Qe7 Qd6 30. Qxh4 Re8 31. Re2 Bb5 32. Rd2 Qc5+ 33. Qf2 Qg5 34. Rd5 Re5 35. f4 Rxd5 36. fxg5 Rd1 37. Qxa7 Bxf1 38. Kf2 Ba6 39. Qb8+ Kh7 40. Qe5 Rd2+ 41. Kg3 Kg8 42. b4 Bf1 43. Qb8+ Kh7 44. Qxb7 Rxg2+ 45. Kf4 Be2 46. Qd7 Kg6 47. Qf5+ 1-0